00475 2200193 4500001002100000005001500021035002000036008004100056245005200097100001800149250000600167260003700173300001100210084001400221082000800235650001400243990001200257990001200269INLIS00000000000009920240502104300 a0010-0424000075240502 0 ind 1 aEnsiklopedia Matematika ( R-Z ) /cHadi Lesmana aLesmana, Hadi a1 aBandung :bPT. Indah Jaya,c2009 a48 hlm a510 HAD e a510 4aNon Fiksi a0732553 a0732554